El camino de Matilde / (Registro nro. 6830)
[ vista simple ]
| 000 -LEADER | |
|---|---|
| fixed length control field | 01103nam a22002777a 4500 |
| 003 - CONTROL NUMBER IDENTIFIER | |
| control field | OSt |
| 005 - DATE AND TIME OF LATEST TRANSACTION | |
| control field | 20250710125010.0 |
| 008 - FIXED-LENGTH DATA ELEMENTS--GENERAL INFORMATION | |
| fixed length control field | 200909s2008 ck a|||gr|||| 00| 0 spa d |
| 020 ## - INTERNATIONAL STANDARD BOOK NUMBER | |
| International Standard Book Number | 9789587047226 |
| 040 ## - CATALOGING SOURCE | |
| Original cataloging agency | CO-JMCR |
| Transcribing agency | CO-JMCR |
| 041 0# - LANGUAGE CODE | |
| Language code of text/sound track or separate title | spa |
| 082 04 - DEWEY DECIMAL CLASSIFICATION NUMBER | |
| Classification number | N |
| Item number | LEAc |
| Edition number | 23 |
| 100 1# - MAIN ENTRY--PERSONAL NAME | |
| Personal name | Leal Quevedo, Francisco, |
| Relator term | autor |
| 9 (RLIN) | 10005 |
| 245 13 - TITLE STATEMENT | |
| Title | El camino de Matilde / |
| Statement of responsibility, etc. | Francisco Leal Quevedo ; ilustraciones de Andrezzinho |
| 250 ## - EDITION STATEMENT | |
| Edition statement | Primera edición |
| 260 ## - PUBLICATION, DISTRIBUTION, ETC. | |
| Place of publication, distribution, etc. | Bogotá : |
| Name of publisher, distributor, etc. | Alfaguasra, |
| Date of publication, distribution, etc. | 2008. |
| 300 ## - PHYSICAL DESCRIPTION | |
| Extent | 85 páginas |
| Other physical details | ilustraciones a blanco y negro ; |
| Dimensions | 20 cm. |
| 490 1# - SERIES STATEMENT | |
| Series statement | alfaguara infantil : |
| -- | Matilde y el ladrón de los sueños. |
| 520 0# - SUMMARY, ETC. | |
| Summary, etc. | Mudarse del campo a la ciudad nunca es fácil. sobretodo, cuando los viejos amigos y las mascotas quedan atrás y la razón del viaje es la enfermedad de un ser querido. |
| 521 ## - TARGET AUDIENCE NOTE | |
| Target audience note | Desde 8 años |
| Source | tapa posterior. |
| 650 24 - SUBJECT ADDED ENTRY--TOPICAL TERM | |
| Topical term or geographic name entry element | Mudanzas en la literatura |
| 9 (RLIN) | 10006 |
| 650 24 - SUBJECT ADDED ENTRY--TOPICAL TERM | |
| Topical term or geographic name entry element | Viajes en la literatura |
| 9 (RLIN) | 10007 |
| 650 24 - SUBJECT ADDED ENTRY--TOPICAL TERM | |
| Topical term or geographic name entry element | Aventuras |
| General subdivision | literatura infantil |
| 9 (RLIN) | 10008 |
| 700 1# - ADDED ENTRY--PERSONAL NAME | |
| Personal name | Andrezzinho |
| Relator term | ilustrador |
| 9 (RLIN) | 10009 |
| 942 ## - ADDED ENTRY ELEMENTS (KOHA) | |
| Source of classification or shelving scheme | Dewey Decimal Classification |
| Koha item type | Books |
| Withdrawn status | Lost status | Source of classification or shelving scheme | Damaged status | Not for loan | Home library | Current library | Shelving location | Date acquired | Source of acquisition | Total Checkouts | Full call number | Barcode | Date last seen | Date last checked out | Copy number | Price effective from | Koha item type | Public note |
|---|---|---|---|---|---|---|---|---|---|---|---|---|---|---|---|---|---|---|
| Dewey Decimal Classification | Biblioteca Pública José María del Castillo y Rada | Biblioteca Pública José María del Castillo y Rada | General Stacks | 04/15/2018 | Donación | 5 | N LEAc | 201809833 | 03/31/2026 | 03/31/2026 | Ej.1 | 04/15/2018 | Books | Exlibris: David Fernando Pardo Guerra |